| 000 | 00759nam a2200253Ia 4500 | ||
|---|---|---|---|
| 003 | OSt | ||
| 005 | 20220928123948.0 | ||
| 006 | a|||||r|||| 00| 0 | ||
| 007 | ta | ||
| 008 | 220927b |||||||| |||| 00| 0 eng d | ||
| 020 | _cUKP 85.00 | ||
| 024 | _a134853 | ||
| 037 |
_b058, 21/02/2017, Classic Book Service _cTextual |
||
| 040 |
_aSDCL _cSDCL _beng |
||
| 041 |
_2eng _aeng |
||
| 082 | _aU11, Q6 | ||
| 100 |
_aBishop Karen Elizabeth Ed. _9462701 |
||
| 245 | 0 |
_aCartographis of exile _b A new spatial literacy |
|
| 260 |
_aNew York _b Rouledge _c2016 |
||
| 300 |
_axv,285p. _ccm. |
||
| 650 | _aEnglish | ||
| 942 |
_hU11, Q6 _cTEXL _2CC |
||
| 999 |
_c775662 _d775662 |
||